000
00306 a2200145 4500
001
161597
020
_a
040
_c
Magnum
100
_a
Estado de Minas
240
1
0
_a
Bh 100 anos - nossa historia
_l
por
245
1
0
_a
Bh 100 anos - nossa historia
362
0
_a
1899
697
_a
GERAL
942
_c
BK
999
_c
161597
_d
161597